| 000 | 00751cam a22002771 4500 | ||
|---|---|---|---|
| 001 | 3970 | ||
| 003 | BD-RjUL | ||
| 005 | 20211208233818.0 | ||
| 008 | 131221s1965 xx 001 0 eng | ||
| 035 | _a(BD-RjUL)4004 | ||
| 035 | _a(OCoLC)3119080 | ||
| 040 |
_aDLC _cOC _dUk _dDLC _beng |
||
| 041 | _aeng | ||
| 082 |
_216 _a338.4762148 _bHAE 1965 |
||
| 100 | 1 |
_aHasson, J. A. _912642 |
|
| 245 | 1 | 4 |
_aThe economics of nuclear power / _c J. A. Hasson. |
| 260 |
_aLondon : _bLongmans, _c1965 |
||
| 300 |
_aviii, 160 p. _c23 cm. |
||
| 526 | _bEconomics | ||
| 650 | 0 |
_aNuclear industry. _912643 |
|
| 650 | 0 |
_aNuclear energy _xEconomic aspects. _912644 |
|
| 740 | 0 | _aNuclear power. | |
| 942 |
_2ddc _cBK |
||
| 999 |
_c3970 _d3970 |
||